Movies Quiz

Random Movies or Letter Quiz

The 'A' Movies Quiz Stats

Quiz Updated Jan 18, 2017

Also try: The 'B' Movies
Challenge
Share
Tweet
Score 0/24 Timer 08:00
2 Plays Today
% Correct
The AristoCats
89.5%
The Amazing Spider-Man
88.8%
The Avengers
87.8%
The Addams Family
84.4%
The Aviator
78.4%
The A-Team
72%
The Artist
57.3%
The Adventures of Robin Hood
55.5%
The Adventures of Tintin: The Secret of the Unicorn
54.9%
The Accountant
53.7%
The American President
44.7%
The African Queen
40%
% Correct
The Adjustment Bureau
36.2%
The Abyss
30.2%
The Accused
26.7%
The Apartment
25.5%
The American
24.4%
The Assassination of Jesse James by the Coward Robert Ford
23.7%
The Amityville Horror
20.9%
The Age of Adaline
18.3%
The Apostle
14.7%
The Andromeda Strain
13.8%
The Age of Innocence
12.8%
The Arrival
7.6%

You're not logged in!

Compare scores with friends on all Sporcle quizzes.
Join for Free
OR
Log In

You Might Also Like...

Show Comments

Extras

Top Quizzes Today


Score Distribution

Your Account Isn't Verified!

In order to create a playlist on Sporcle, you need to verify the email address you used during registration. Go to your Sporcle Settings to finish the process.

Report this User

Report this user for behavior that violates our Community Guidelines.

Details: